| 000 | | | 06363cbc2a2200000#x 450 |
| 001 | | | b80ce2dc-2fde-4efc-8b70-b6247dfaac47 |
| 005 | | | 20231019102755.0 |
| 101 | 0# | $a | rus |
| 102 | ## | $a | RU |
| 200 | 1# | $a | Дело об открытии дворянского пансиона при Костромской гимназии, об утверждении его устава и о переводе гимназии и пансиона в дом губернатора |
| | $j | 16 октября 1834 г. - 26 февраля 1858 г. |
| 251 | ## | $c | Дело |
| 215 | ## | $a | 488 листов |
| | $d | 36,5х26 см |
| 225 | 0# | $a | Фонд Департамент народного просвещения Министерства народного просвещения |
| | $h | Опись № 30 |
| 300 | ## | $a | Оригинальный заголовок дела: Дело о помещении Костромской гимназии с пансионом в губернаторском доме и о назначении дома гимназии для жительства гражданского губернатора. Тут же и об открытии при Костромской гимназии благородного пансиона. 16 октября 1834 г. - 11 октября 1847 г. |
| 300 | ## | $a | Рукописный текст. Чернила |
| 801 | #0 | $a | RU |
| | $b | РГИА |
| 801 | #1 | $a | RU |
| | $b | ПБ им. Б.Н. Ельцина |
| | $2 | rusmarc |
| | $c | 20170321 |
| 801 | #2 | $a | RU |
| | $b | ПБ им. Б.Н. Ельцина |
| | $g | RCR |
| | $2 | rusmarc |
| 850 | ## | $a | Федеральное казенное учреждение "Российский государственный исторический архив" |
| 852 | ## | $a | РГИА |
| | $j | 155 |
| 100 | ## | $a | 20131018l18341858k##a0rusy0102####ca |
| 937 | ## | $d | 10932337 |
| | $h | ПБ |
| 105 | ## | $a | y### |
| 122 | 2# | $a | d18341016## |
| | $a | d18580226## |
| 517 | 1# | $a | Дело о помещении Костромской гимназии с пансионом в губернаторском доме и о назначении дома гимназии для жительства гражданского губернатора. Тут же и об открытии при Костромской гимназии благородного пансиона |
| | $e | 16 октября 1834 г. - 11 октября 1847 г. |
| 461 | #0 | $1 | 001a74412a3-3cc5-4d21-8f0a-dfe2fbd9e72d |
| | $1 | 2001 |
| | $a | Департамент народного просвещения Министерства народного просвещения |
| | $1 | 251 |
| | $c | Фонд |
| | $1 | 852 |
| | $j | 733 |
| 462 | #0 | $1 | 0014c0c406f-d236-4b13-9279-380407b6e331 |
| | $1 | 2001 |
| | $a | 1831-1837 гг. |
| | $v | Д. 155 |
| | $1 | 251 |
| | $c | Опись |
| | $1 | 852 |
| | $j | 30 |
| 035 | ## | $a | b80ce2dc-2fde-4efc-8b70-b6247dfaac47 |
| 856 | ## | $u | http://readingroom.main.prlib.ru/item.aspx?id_node=n96185930 |
| 601 | 02 | $2 | prlib_sh |
| | $3 | LIBNET\UAF\0000108722 |
| | $a | Костромская мужская гимназия |
| | $c | 1 |
| | $j | Архивные дела |
| | $x | История |
| 605 | ## | $2 | acquisition_Prlib |
| | $3 | LIBNET\UAF\0000075389 |
| | $a | Костромская область: страницы истории |
| | $l | коллекция |
| 605 | ## | $2 | acquisition_Prlib |
| | $3 | LIBNET\UAF\0000107109 |
| | $a | История образования в России |
| | $l | коллекция |
| 605 | ## | $2 | acquisition_Prlib |
| | $3 | DITM\AF\0000004675 |
| | $a | Территория |
| | $l | коллекция |
| 617 | ## | $2 | prlib_sh |
| | $c | Костромская область |
| 617 | ## | $2 | prlib_sh |
| | $c | Костромская губерния |
| 686 | ## | $2 | rubbk |
| | $a | 74.03(28-8Кос)5ю1 |
| | $v | LBC/M |
| 686 | ## | $2 | rubbk |
| | $a | 63.3(28-8Кос)52-7ю1 |
| | $v | LBC/M |
| 606 | 1# | $2 | nlr_sh |
| | $3 | RU\NLR\AUTH\6601628082 |
| | $a | Образование |
| | $j | Архивные дела |
| | $x | История |
| | $y | Костромская губерния |
| | $z | 19 - нач. 20 вв. |